| 000 | 01358cad a22002055a 4500 | ||
|---|---|---|---|
| 001 | L158486 | ||
| 008 | 120720s2014 xxk 000 0 eng d | ||
| 035 | _a(Sirsi) u158486 | ||
| 041 | 0 | _aeng | |
| 110 | 2 |
_aJones Lang LaSalle _93755 |
|
| 245 | 0 | 0 |
_aBeyond data _bThe opportunity for analytics in CRE _h[electronic resource] |
| 260 |
_a[S.l.] _bJLL _c2014 |
||
| 490 | 0 | _aJLL Corporate Real Estate Data and Analytics | |
| 520 | _aWith data analytics, companies can turn data into actionable insights that can improve business performance. It has been a disruptive force in many industries, and has led to powerful shifts in how companies make decisions, innovate, strategize, and ultimately, gain an advantage over competitors. The potential for analytics in corporate real estate (CRE) is vast ? but historically, CRE has not fully capitalized on the opportunity. In this paper, we discuss the evolution of analytics, potential applications of analytics in CRE, including the identification of operational improvements as well as strategic opportunities, and key steps for CRE leaders as they prepare their organizations to tackle analytics. | ||
| 590 | _aNTK KA | ||
| 651 | 4 | _aInternational | |
| 690 | _aBusiness and management | ||
| 856 | 4 | 0 |
_uhttps://www.jll.com/research/116/beyond-data-for-real-estate _zView the report at www.jll.com |
| 942 | _n0 | ||
| 999 |
_c115338 _d115338 |
||